1016 1245 1601 1037 1083 1812 1867 1966 1259 1827 1543 1967 1517 1416 1306 1876 1626 1506 1076 1706 1082 1797 1424 1729 1346 1862 1126 1997 1104 1422 1003 1734 1418 1855 1784 1655 1079 1815 1214 1186 1098 1451 1875 1868 1860 1390 1587 1493 1364 1499 1909 1013 1605 1491 1370 1381 1725 1694 1280 1578 1852 1004 1092 1442 1845 1604 1094 1741 1445 1520 1910 1284 1734 1233 1540 1154 1779 1830 1656 1328 1212 1253 1550 1006 1226 1810 1427 1770 1073 1175 1814 1004 1489 1464 1104 1645 1725 1623 1894 BCNSPRNW ULIB Ver.6.0+V

เปลี่ยนเป็นภาษาไทย

Change to English
 แสดงรายละเอียดบรรณานุกรม
  กลับหน้าหลัก

Brief Record : Get Marc (ISO 2709) : E-mail record : QR code < ปิดหน้าต่าง
LEADER : 00000nam 2200000uu 4500
001    13399111229
003     ULIB
008    110620s||||||||th 000 0 tha d
020    9789748420516
050  4 BF637.54^bด897ค 2550
100 1  ไลเบอร์แมน, เดวิด เจ
245 10 คู่มือจูงใจคนให้เปลี่ยนแปลงตัวเอง =^bHow to change anybody/^cDavid J. Lieberman ; พูนลาภ อุทัยเลิศอรุณ, แปลและเรียบเรียง
246 31 How to change anybody
250    พิมพ์ครั้งที่ 3
260    กรุงเทพฯ :^bวีเลิร์น,^c2550
300    252 หน้า :^bภาพประกอบ ;^c21 ซม.
650  7 ความขัดแย้งระหว่างบุคคล
650  7 อารมณ์^xแง่จิตวิทยา
650  7 การปรับตัว (จิตวิทยา)
650  7 การบริหารความขัดแย้ง
700 0  พูนลาภ อุทัยเลิศอรุณ,^eแปล
700 12 Lieberman, David J..^tHow to change anybody
945    ^p169^l0^i023325
995    ทศพร
999 ^a ใช้งานได้ทุกระบบ
รายการนี้ยังไม่มีแท็ก
คุณยังไม่ได้ล็อกอิน คุณสามารถมีกิจกรรมร่วมกับเว็บไซต์ได้ แต่ต้องล็อกอินก่อน ::
  ล็อกอิน

รายการสื่อสารสนเทศ

ลำดับที่ ประเภท เลขเรียก/บาร์โค้ด สถานที่ สถานะ
- ไม่พบข้อมูล -

รายการใกล้เคียง
    หัวเรื่อง [การปรับตัว (จิตวิทยา)]
    หัวเรื่อง [การบริหารความขัดแย้ง]

BibComment


ยังไม่เคยถูกคอมเมนท์

คอมเมนท์ทรัพยากรรายการนี้
  คอมเมนท์: คู่มือจูงใจคนให้เ..


 Copyright 2026. Bcnsprnw @Library